000
00287nam a22001337a 4500
008
181029b xxu||||| |||| 00| 0 eng d
020
_a
9781844830602
041
_a
eng
080
_a
940
100
_a
16
101
_a
SHH
245
_a
Ancient History
_c
Roberts,J.M
942
_2
udc
_c
BK
999
_c
50956
_d
50956